| 000 | 00477nam a2200157Ia 4500 | ||
|---|---|---|---|
| 008 | 210716s2004 xx 000 0 und d | ||
| 020 | _a0071412875 | ||
| 041 | _aeng | ||
| 082 | _a338.04 TIMJ | ||
| 100 | _aTimmons, Jeffry A; Zacharakis, Andrew; Spinelli, Stephen. | ||
| 245 |
_aBusiness plans that work: a guide for small business. _bGuide for small business. |
||
| 250 | _a1 | ||
| 260 |
_aNew Delhi _bMcGraw Hill _c2004 |
||
| 300 | _aviii,183 | ||
| 650 | _aEntrepreneurship | ||
| 999 |
_c203184 _d203184 |
||